Letter By Picture - Statistics

General Stats
  • This quiz has been taken 5 times
  • The average score is 390 of 525
Answer Stats
Question Tile Select % Correct
Letter A Characters No
100%
Letter A Characters Yes
100%
Letter A Characters No
100%
Letter A Characters No
100%
Letter A Characters No
100%
Letter A Characters No
100%
Letter A Characters No
100%
Letter A Characters Yes
100%
Letter A Characters No
100%
Letter A Characters No
100%
Letter A Characters Yes
100%
Letter A Characters No
100%
Letter A Characters No
100%
Letter A Characters No
100%
Letter A Characters No
100%
Letter A Characters Yes
100%
Letter A Characters No
100%
Letter A Characters No
100%
Letter A Characters No
100%
Letter B Characters No
100%
Letter B Characters Yes
100%
Letter B Characters No
100%
Letter B Characters Yes
100%
Letter B Characters No
100%
Letter B Characters Yes
100%
Letter B Characters No
100%
Letter B Characters Yes
100%
Letter B Characters No
100%
Letter B Characters No
100%
Letter B Characters No
100%
Letter B Characters No
100%
Letter B Characters Yes
100%
Letter B Characters No
100%
Letter B Characters No
100%
Letter B Characters No
100%
Letter B Characters No
100%
Letter B Characters No
100%
Letter B Characters No
100%
Letter B Characters No
100%
Letter C Characters No
100%
Letter C Characters No
100%
Letter C Characters Yes
100%
Letter C Characters No
100%
Letter C Characters No
100%
Letter C Characters No
100%
Letter C Characters Yes
100%
Letter C Characters No
100%
Letter C Characters No
100%
Letter C Characters No
100%
Letter C Characters Yes
100%
Letter C Characters No
100%
Letter C Characters No
100%
Letter C Characters Yes
100%
Letter C Characters No
100%
Letter C Characters No
100%
Letter C Characters No
100%
Letter C Characters No
100%
Letter C Characters No
100%
Letter A Characters Yes
80%
Letter A Characters Yes
80%
Letter B Characters Yes
80%
Letter B Characters Yes
80%
Letter B Characters Yes
80%
Letter B Characters Yes
80%
Letter C Characters Yes
80%
Letter C Characters Yes
80%
Letter C Characters Yes
80%
Letter D Characters No
80%
Letter D Characters No
80%
Letter D Characters Yes
80%
Letter D Characters No
80%
Letter D Characters No
80%
Letter D Characters Yes
80%
Letter D Characters No
80%
Letter D Characters Yes
80%
Letter D Characters No
80%
Letter D Characters No
80%
Letter D Characters No
80%
Letter D Characters No
80%
Letter D Characters Yes
80%
Letter D Characters No
80%
Letter D Characters No
80%
Letter D Characters Yes
80%
Letter D Characters No
80%
Letter D Characters No
80%
Letter D Characters Yes
80%
Letter D Characters No
80%
Letter D Characters No
80%
Letter E Characters No
80%
Letter E Characters Yes
80%
Letter E Characters No
80%
Letter E Characters Yes
80%
Letter E Characters No
80%
Letter E Characters No
80%
Letter E Characters No
80%
Letter E Characters No
80%
Letter E Characters No
80%
Letter E Characters No
80%
Letter E Characters No
80%
Letter E Characters No
80%
Letter E Characters No
80%
Letter E Characters No
80%
Letter E Characters No
80%
Letter E Characters No
80%
Letter F Characters No
80%
Letter F Characters No
80%
Letter F Characters No
80%
Letter F Characters No
80%
Letter F Characters No
80%
Letter F Characters No
80%
Letter F Characters Yes
80%
Letter F Characters No
80%
Letter F Characters No
80%
Letter F Characters No
80%
Letter F Characters No
80%
Letter F Characters No
80%
Letter F Characters No
80%
Letter F Characters Yes
80%
Letter F Characters No
80%
Letter F Characters No
80%
Letter F Characters Yes
80%
Letter F Characters Yes
80%
Letter F Characters No
80%
Letter G Characters Yes
80%
Letter G Characters No
80%
Letter G Characters No
80%
Letter G Characters No
80%
Letter G Characters Yes
80%
Letter G Characters No
80%
Letter G Characters No
80%
Letter G Characters No
80%
Letter G Characters No
80%
Letter G Characters Yes
80%
Letter G Characters No
80%
Letter G Characters No
80%
Letter G Characters Yes
80%
Letter G Characters No
80%
Letter G Characters No
80%
Letter G Characters Yes
80%
Letter G Characters Yes
80%
Letter G Characters No
80%
Letter G Characters No
80%
Letter H Characters No
80%
Letter H Characters No
80%
Letter H Characters No
80%
Letter H Characters No
80%
Letter H Characters Yes
80%
Letter H Characters No
80%
Letter H Characters No
80%
Letter H Characters No
80%
Letter H Characters No
80%
Letter H Characters Yes
80%
Letter H Characters No
80%
Letter H Characters Yes
80%
Letter H Characters Yes
80%
Letter H Characters No
80%
Letter H Characters No
80%
Letter H Characters No
80%
Letter H Characters No
80%
Letter H Characters Yes
80%
Letter H Characters No
80%
Letter I Characters No
80%
Letter I Characters No
80%
Letter I Characters No
80%
Letter I Characters No
80%
Letter I Characters No
80%
Letter I Characters No
80%
Letter I Characters No
80%
Letter I Characters No
80%
Letter I Characters No
80%
Letter I Characters No
80%
Letter I Characters No
80%
Letter I Characters No
80%
Letter I Characters No
80%
Letter J Characters Yes
80%
Letter J Characters No
80%
Letter J Characters No
80%
Letter J Characters No
80%
Letter J Characters No
80%
Letter J Characters Yes
80%
Letter J Characters No
80%
Letter J Characters Yes
80%
Letter J Characters No
80%
Letter J Characters No
80%
Letter J Characters No
80%
Letter J Characters No
80%
Letter J Characters Yes
80%
Letter J Characters No
80%
Letter J Characters No
80%
Letter J Characters No
80%
Letter J Characters Yes
80%
Letter J Characters No
80%
Letter J Characters No
80%
Letter K Characters No
80%
Letter K Characters No
80%
Letter K Characters Yes
80%
Letter K Characters No
80%
Letter K Characters No
80%
Letter K Characters Yes
80%
Letter K Characters No
80%
Letter K Characters Yes
80%
Letter K Characters No
80%
Letter K Characters No
80%
Letter K Characters No
80%
Letter K Characters No
80%
Letter K Characters No
80%
Letter K Characters No
80%
Letter K Characters No
80%
Letter K Characters No
80%
Letter K Characters No
80%
Letter L Characters No
80%
Letter L Characters No
80%
Letter L Characters No
80%
Letter L Characters No
80%
Letter L Characters Yes
80%
Letter L Characters No
80%
Letter L Characters Yes
80%
Letter L Characters No
80%
Letter L Characters No
80%
Letter L Characters No
80%
Letter L Characters No
80%
Letter L Characters Yes
80%
Letter L Characters No
80%
Letter L Characters No
80%
Letter L Characters No
80%
Letter L Characters No
80%
Letter M Characters No
80%
Letter M Characters No
80%
Letter M Characters No
80%
Letter M Characters No
80%
Letter M Characters No
80%
Letter M Characters No
80%
Letter M Characters No
80%
Letter M Characters No
80%
Letter M Characters Yes
80%
Letter M Characters No
80%
Letter M Characters Yes
80%
Letter M Characters No
80%
Letter M Characters No
80%
Letter M Characters No
80%
Letter M Characters No
80%
Letter M Characters No
80%
Letter N Characters No
80%
Letter N Characters No
80%
Letter N Characters No
80%
Letter N Characters No
80%
Letter N Characters No
80%
Letter N Characters No
80%
Letter N Characters No
80%
Letter N Characters No
80%
Letter N Characters No
80%
Letter N Characters No
80%
Letter N Characters No
80%
Letter N Characters Yes
80%
Letter N Characters No
80%
Letter N Characters No
80%
Letter N Characters No
80%
Letter N Characters No
80%
Letter O Characters No
80%
Letter O Characters No
80%
Letter O Characters No
80%
Letter O Characters No
80%
Letter O Characters No
80%
Letter O Characters No
80%
Letter O Characters No
80%
Letter O Characters No
80%
Letter O Characters No
80%
Letter O Characters Yes
80%
Letter O Characters No
80%
Letter O Characters No
80%
Letter O Characters No
80%
Letter O Characters Yes
80%
Letter O Characters No
80%
Letter O Characters No
80%
Letter O Characters Yes
80%
Letter O Characters No
80%
Letter P Characters Yes
80%
Letter P Characters No
80%
Letter P Characters No
80%
Letter P Characters Yes
80%
Letter P Characters No
80%
Letter P Characters No
80%
Letter P Characters No
80%
Letter P Characters Yes
80%
Letter P Characters No
80%
Letter P Characters Yes
80%
Letter P Characters No
80%
Letter P Characters Yes
80%
Letter P Characters No
80%
Letter P Characters No
80%
Letter P Characters No
80%
Letter P Characters No
80%
Letter P Characters No
80%
Letter P Characters No
80%
Letter P Characters Yes
80%
Letter P Characters No
80%
Letter R Characters No
80%
Letter R Characters No
80%
Letter R Characters No
80%
Letter R Characters Yes
80%
Letter R Characters No
80%
Letter R Characters No
80%
Letter R Characters No
80%
Letter R Characters No
80%
Letter R Characters No
80%
Letter R Characters No
80%
Letter R Characters No
80%
Letter R Characters Yes
80%
Letter R Characters No
80%
Letter R Characters No
80%
Letter R Characters No
80%
Letter R Characters Yes
80%
Letter S Characters Yes
80%
Letter S Characters No
80%
Letter S Characters Yes
80%
Letter S Characters No
80%
Letter S Characters Yes
80%
Letter S Characters No
80%
Letter S Characters No
80%
Letter S Characters No
80%
Letter S Characters No
80%
Letter S Characters No
80%
Letter S Characters Yes
80%
Letter S Characters No
80%
Letter S Characters No
80%
Letter S Characters Yes
80%
Letter S Characters No
80%
Letter S Characters Yes
80%
Letter S Characters No
80%
Letter S Characters No
80%
Letter S Characters No
80%
Letter S Characters Yes
80%
Letter S Characters No
80%
Letter S Characters No
80%
Letter T Characters No
80%
Letter T Characters Yes
80%
Letter T Characters No
80%
Letter T Characters No
80%
Letter T Characters No
80%
Letter T Characters Yes
80%
Letter T Characters Yes
80%
Letter T Characters No
80%
Letter T Characters No
80%
Letter T Characters Yes
80%
Letter T Characters No
80%
Letter T Characters No
80%
Letter T Characters No
80%
Letter T Characters No
80%
Letter T Characters No
80%
Letter T Characters No
80%
Letter T Characters No
80%
Letter T Characters No
80%
Letter T Characters Yes
80%
Letter W Characters No
80%
Letter W Characters Yes
80%
Letter W Characters Yes
80%
Letter W Characters Yes
80%
Letter W Characters No
80%
Letter W Characters No
80%
Letter W Characters No
80%
Letter W Characters No
80%
Letter W Characters No
80%
Letter W Characters No
80%
Letter W Characters No
80%
Letter W Characters No
80%
Letter W Characters Yes
80%
Letter W Characters No
80%
Letter W Characters No
80%
Letter W Characters No
80%
Letter W Characters No
80%
Letter W Characters Yes
80%
Letter W Characters No
80%
Letter Y Characters No
80%
Letter Y Characters No
80%
Letter Y Characters No
80%
Letter Y Characters Yes
80%
Letter Y Characters No
80%
Letter Y Characters No
80%
Letter Y Characters No
80%
Letter Y Characters No
80%
Letter Y Characters No
80%
Letter Y Characters No
80%
Letter Y Characters No
80%
Letter Y Characters No
80%
Letter Y Characters No
80%
Letter Y Characters No
80%
Letter Y Characters No
80%
Letter Y Characters No
80%
Letter Y Characters No
80%
Letter Y Characters No
80%
Letter Y Characters No
80%
Letter Y Characters Yes
80%
Letter Y Characters No
80%
Letter Y Characters No
80%
Letter Y Characters No
80%
Letter A Characters Yes
60%
Letter A Characters Yes
60%
Letter A Characters Yes
60%
Letter B Characters Yes
60%
Letter C Characters Yes
60%
Letter C Characters Yes
60%
Letter D Characters Yes
60%
Letter E Characters Yes
60%
Letter E Characters No
60%
Letter E Characters Yes
60%
Letter E Characters Yes
60%
Letter E Characters Yes
60%
Letter F Characters Yes
60%
Letter G Characters No
60%
Letter G Characters Yes
60%
Letter G Characters No
60%
Letter H Characters Yes
60%
Letter H Characters Yes
60%
Letter H Characters Yes
60%
Letter H Characters Yes
60%
Letter H Characters Yes
60%
Letter I Characters Yes
60%
Letter I Characters No
60%
Letter I Characters Yes
60%
Letter J Characters Yes
60%
Letter J Characters Yes
60%
Letter J Characters No
60%
Letter J Characters Yes
60%
Letter K Characters Yes
60%
Letter K Characters Yes
60%
Letter K Characters Yes
60%
Letter K Characters No
60%
Letter L Characters Yes
60%
Letter L Characters Yes
60%
Letter L Characters Yes
60%
Letter L Characters Yes
60%
Letter M Characters Yes
60%
Letter M Characters Yes
60%
Letter M Characters Yes
60%
Letter M Characters Yes
60%
Letter M Characters Yes
60%
Letter M Characters No
60%
Letter M Characters Yes
60%
Letter N Characters Yes
60%
Letter O Characters Yes
60%
Letter O Characters Yes
60%
Letter O Characters Yes
60%
Letter P Characters No
60%
Letter P Characters Yes
60%
Letter P Characters Yes
60%
Letter P Characters Yes
60%
Letter R Characters No
60%
Letter R Characters No
60%
Letter R Characters Yes
60%
Letter R Characters Yes
60%
Letter R Characters Yes
60%
Letter R Characters Yes
60%
Letter S Characters Yes
60%
Letter S Characters Yes
60%
Letter T Characters Yes
60%
Letter T Characters Yes
60%
Letter T Characters Yes
60%
Letter T Characters No
60%
Letter W Characters Yes
60%
Letter W Characters Yes
60%
Letter W Characters Yes
60%
Letter W Characters Yes
60%
Letter W Characters No
60%
Letter Y Characters No
60%
Letter A Characters Yes
40%
Letter C Characters Yes
40%
Letter D Characters Yes
40%
Letter D Characters Yes
40%
Letter D Characters Yes
40%
Letter E Characters Yes
40%
Letter E Characters Yes
40%
Letter E Characters Yes
40%
Letter F Characters Yes
40%
Letter F Characters Yes
40%
Letter F Characters Yes
40%
Letter F Characters Yes
40%
Letter G Characters Yes
40%
Letter G Characters Yes
40%
Letter G Characters Yes
40%
Letter H Characters No
40%
Letter I Characters Yes
40%
Letter I Characters Yes
40%
Letter I Characters Yes
40%
Letter I Characters No
40%
Letter I Characters Yes
40%
Letter I Characters Yes
40%
Letter J Characters Yes
40%
Letter J Characters Yes
40%
Letter K Characters Yes
40%
Letter K Characters Yes
40%
Letter L Characters Yes
40%
Letter L Characters Yes
40%
Letter L Characters No
40%
Letter L Characters No
40%
Letter M Characters Yes
40%
Letter M Characters Yes
40%
Letter N Characters Yes
40%
Letter N Characters Yes
40%
Letter N Characters Yes
40%
Letter N Characters Yes
40%
Letter N Characters Yes
40%
Letter N Characters Yes
40%
Letter O Characters Yes
40%
Letter O Characters Yes
40%
Letter P Characters Yes
40%
Letter R Characters Yes
40%
Letter S Characters Yes
40%
Letter T Characters Yes
40%
Letter T Characters Yes
40%
Letter W Characters Yes
40%
Letter F Characters Yes
20%
Letter I Characters Yes
20%
Letter I Characters Yes
20%
Letter I Characters Yes
20%
Letter K Characters Yes
20%
Letter K Characters Yes
20%
Letter L Characters Yes
20%
Letter N Characters Yes
20%
Letter O Characters Yes
20%
Letter O Characters Yes
20%
Letter R Characters Yes
20%
Letter R Characters Yes
20%
Letter Y Characters Yes
20%
Letter E Characters Yes
0%
Letter N Characters Yes
0%
No matching quizzes found
Score Distribution
Percent of People with Each Score
Percentile by Number Answered
Your Score History
You have not taken this quiz